000 00541nam a2200181Ia 4500
008 151018s9999 xx 000 0 und d
082 _bRBASDV33257
_a891.463
100 _aशंकरराव खरात
245 _aतडीपार
250 _b1
260 _bइंद्रायणी साहित्य
_c2000
300 _a132
600 _aशंकरराव खरात
630 _aतडीपार
700 _aशंकरराव खरात
730 _aतडीपार
942 _cBOOK
999 _c1032773
_d1032770